Cities in Macedonia - Statistics

General Stats
  • This quiz has been taken 128 times
  • The average score is 27 of 34
Answer Stats
Population Answer % Correct
74,550 Bitola
100%
578,144 Skopje
100%
70,842 Kumanovo
99%
52,915 Tetovo
98%
42,033 Ohrid
96%
43,716 Veles
92%
35,311 Strumica
91%
35,847 Gostivar
89%
43,652 Stip/Štip
89%
16,559 Struga
88%
66,246 Prilep
87%
15,685 Gevgelija
85%
14,558 Kriva Palanka
84%
27,067 Kicevo/Kičevo
82%
29,188 Kavadarci
81%
14,561 Debar
80%
28,330 Kocani/Kočani
80%
3,275 Demir Kapija
78%
8,748 Resen
78%
7,002 Berovo
76%
2,593 Demir Hisar
74%
3,740 Makedonski Brod
74%
13,746 Sveti Nikole
74%
4,402 Valandovo
74%
10,863 Vinica
74%
11,500 Delcevo/Delčevo
73%
8,714 Probistip/Probištip
73%
5,147 Makedonska Kamenica
72%
5,330 Krusevo/Kruševo
71%
3,237 Pehcevo/Pehčevo
69%
6,924 Kratovo
67%
16,223 Radovis/Radoviš
67%
13,284 Negotino
66%
6,011 Bogdanci
47%
No matching quizzes found
Score Distribution
Percent of People with Each Score
Percentile by Number Answered
Your Score History
You have not taken this quiz